00684nam a22001817a 450000500170000001000150001702000300003203500140006203700130007608200130008910000200010224501220012226000410024427000810028530000820036650000340044870000200048220210309150014.0 aENG-129176 a978-81-237-9187-6c145.00 aEN-112708 bDBAD/PUB a616.2414 aDixit, Aprajita aThe Future of Social Distancing: new cardinals for children, adolescents and youth/cAprajita Dixit and Rekha Chauhan aNew DelhibNational Book Trustc2020 bNew Delhie110070aNehru Bhawan, 5 Institutional Area, Phase-II, Vasant Kunj axxvi+94p.c21cm(pbk)bIncluding illustrations and bibliographical references. aillustration: Partha Sengupta aChauhan, Rekha